| 000 | 01121nam a22003377a 4500 | ||
|---|---|---|---|
| 003 | CHAP | ||
| 005 | 20220329140446.0 | ||
| 008 | 971013s1977 r 00010 d | ||
| 010 | _a52261 | ||
| 011 | _a53233 | ||
| 035 | _a57383 | ||
| 040 | _cCHAP | ||
| 090 | _aTesis | ||
| 100 | 0 | 0 |
_aPonce Herrera, J. Marcelino. _990791 |
| 245 | _aMultiplicación por injerto de la guanabana, Annona muricata L. | ||
| 260 |
_aChapingo, Méx. : _bEl autor, _c1977 |
||
| 300 |
_a66 h. _b: ilus. ; gráfs. |
||
| 500 | _a1 c. en bodega | ||
| 502 | _aTesis (Ing. Agr. Esp. en Fitotecnia) -- ENA. Departamento de Fitotecnia | ||
| 590 |
_aALEPH _b10 _c20130110 _lUCH01 _h1329 |
||
| 590 |
_aBATCH-UPD _b10 _c20130110 _lUCH01 _h0736 |
||
| 590 |
_aBATCH-UPD _b10 _c20130410 _lUCH01 _h0418 |
||
| 590 |
_aBATCH-UPD _b10 _c20130914 _lUCH01 _h1554 |
||
| 590 |
_aCONVERSION _b10 _c20130109 _lUCH01 _h1328 |
||
| 650 | 1 | 4 |
_aGuanábana _xInjertos. _950995 |
| 901 | _aBK | ||
| 942 | _cFOLL | ||
| 949 |
_bBC _cTES _d-124876 _eTS1 _i57383 _si |
||
| 949 |
_bBC _cTES _d-124877 _eTS2 _fc.2 _i57383 _si |
||
| 949 |
_bBC _cTES _d33724000788766 _eTS2 _fc.3 _h22988 _i57383 _si |
||
| 999 |
_c52261 _d52261 |
||